[Event "Fagernes op"]
[Site "Fagernes"]
[Date "2022.04.14"]
[Round "6"]
[White "Machlik, Monika"]
[Black "Lye, Sverre"]
[Result "1/2-1/2"]
[WhiteElo "2122"]
[BlackElo "1994"]
[PlyCount "64"]
[EventDate "2022.04.10"]
[EventType "swiss"]
[EventRounds "9"]
[EventCountry "NOR"]
[SourceTitle "CBM 207 Extra"]
[Source "ChessBase"]
[SourceDate "2022.05.31"]
[SourceVersion "1"]
[SourceVersionDate "2022.05.31"]
[SourceQuality "1"]

1. d4 Nf6 2. c4 c5 3. d5 b5 4. Qc2 bxc4 5. e4 d6 6. Bxc4 g6 7. f4 Bg7 8. Nf3 0-0 9. 0-0 e6 10. dxe6 Bxe6 11. Bxe6 fxe6 12. Rd1 Qb6 13. Nc3 Na6 14. Qb3 d5 15. Qxb6 axb6 16. exd5 exd5 17. Nxd5 Nxd5 18. Rxd5 Nb4 19. Rd6 Rxa2 20. Rxa2 Nxa2 21. Be3 Nb4 22. Ne5 Nc2 23. Bd2 Nd4 24. g3 Bxe5 25. fxe5 Nf3+ 26. Kg2 Nxd2 27. Rxd2 Rf5 28. Rd6 Rxe5 29. Rxb6 Re2+ 30. Kg1 c4 31. Rc6 Rc2 32. h4 Rxb2 1/2-1/2

[Event "NOR-chT Elite 2122"]
[Site "Norway"]
[Date "2022.02.06"]
[Round "6.4"]
[White "Machlik, Monika"]
[Black "Dahl, Max"]
[Result "1-0"]
[WhiteElo "2096"]
[BlackElo "2038"]
[PlyCount "91"]
[EventDate "2021.10.28"]
[EventType "team-tourn"]
[EventRounds "9"]
[EventCountry "NOR"]
[SourceTitle "EXT 2023"]
[Source "ChessBase"]
[SourceDate "2022.10.05"]
[SourceVersion "1"]
[SourceVersionDate "2022.10.05"]
[SourceQuality "1"]
[WhiteTeam "Tromsoe"]
[BlackTeam "Oslo SK 1911"]
[WhiteTeamCountry "NOR"]
[BlackTeamCountry "NOR"]

1. d4 d5 2. c4 e6 3. Nc3 Be7 4. cxd5 exd5 5. Bf4 c6 6. e3 Bf5 7. Nge2 Nd7 8. Ng3 Bg6 9. Be2 Nf8 10. Bg4 Nf6 11. Bh3 Ne6 12. Be5 Ng5 13. Bf5 Bxf5 14. Nxf5 Bf8 15. h4 Nge4 16. Nxe4 Nxe4 17. Bxg7 Rg8 18. Bxf8 Kxf8 19. 0-0 Qf6 20. Qh5 Qg6 21. Qxg6 hxg6 22. Ng3 Nxg3 23. fxg3 Re8 24. Rf3 Re4 25. Raf1 Rg7 26. Kf2 Ke7 27. Rf4 f5 28. Rxe4+ dxe4 29. g4 Ke6 30. Kg3 Rf7 31. h5 gxh5 32. Rxf5 Rg7 33. Rxh5 Kd6 34. Re5 Rf7 35. Rxe4 Kd5 36. Re5+ Kc4 37. g5 Kd3 38. g6 Rg7 39. Re6 Kc2 40. e4 Kd3 41. Kf4 Kxd4 42. Rd6+ Kc5 43. e5 b5 44. Kf5 Rg8 45. Rd7 Rf8+ 46. Rf7 1-0